Discursos leídos por los Excelentísimos Señores Ramón de Carranza y José Hernández Díaz en la recepción pública del primero como académico numerario, celebrada el 19 de noviembre de 1955. (Record no. 40027)

MARC details
000 -LEADER
campo de control de longitud fija 00909nam a2200205 i 4500
001 - NÚMERO DE CONTROL
campo de control 40027
003 - IDENTIFICADOR DE NÚMERO DE CONTROL
campo de control ES-MaACL
005 - FECHA Y HORA DE LA ÚLTIMA TRANSACCIÓN
campo de control 20251002202455.0
007 - CAMPO FIJO DE DESCRIPCIÓN FÍSICA--INFORMACIÓN GENERAL
campo de control de longitud fija t|
008 - DATOS DE LONGITUD FIJA--INFORMACIÓN GENERAL
campo de control de longitud fija 030304s1955 sp ||||1| spa d
100 0# - ENTRADA PRINCIPAL--NOMBRE DE PERSONA
Nombre de persona Carranza y Gómez, Ramón de,
Títulos y otros términos asociados al nombre Marqués de Soto Hermoso
9 (RLIN) 35514
245 10 - MENCIÓN DEL TÍTULO
Título Discursos leídos por los Excelentísimos Señores Ramón de Carranza y José Hernández Díaz en la recepción pública del primero como académico numerario, celebrada el 19 de noviembre de 1955.
260 ## - PUBLICACIÓN, DISTRIBUCIÓN, ETC.
Lugar de publicación, distribución, etc. Sevilla :
Nombre del editor, distribuidor, etc. [s.n.,
Fecha de publicación, distribución, etc. 1955] (
Fabricante Imp. Provincial)
300 ## - DESCRIPCIÓN FÍSICA
Extensión 36 p., 3 lám. ;
Dimensiones 22 cm.
500 ## - NOTA GENERAL
Nota general Precede al tít.: Real Academia de Bellas Artes de Santa Isabel de Hungría.
700 1# - ENTRADA AGREGADA--NOMBRE PERSONAL
Nombre de persona Hernández Díaz, José,
Fechas asociadas al nombre 1906-1998
9 (RLIN) 62929
710 2# - ENTRADA AGREGADA--NOMBRE DE ENTIDAD CORPORATIVA
Nombre de entidad corporativa o nombre de jurisdicción como elemento de entrada Real Academia de Bellas Artes de Santa Isabel de Hungría.
9 (RLIN) 6295
852 ## - LOCALIZACIÓN
Ubicación ES-MaACL
Número de control de estantería 1966-F-19
Sublocalización o colección R.39031
Holdings
Estatus retirado Estado de pérdida Estado de daño No para préstamo Colección Biblioteca de origen Biblioteca actual Ubicación en estantería Fecha de adquisición Fuente de adquisición Total de préstamos Signatura topográfica completa Código de barras Visto por última vez Precio de reemplazo Tipo de ítem Koha
        Colección de folletos Biblioteca del Ateneo de Madrid Biblioteca del Ateneo de Madrid Depósito folletos 17/01/2008     1966-F-19 1042144 23/02/2023 23/02/2023 Folleto